[Event "Stay Safe Play From Home 177"]
[Site "T#646359Emanuel Laske"]
[Date "2020.05.26"]
[Round "2"]
[White "matanant"]
[Black "Don59as"]
[Result "0-1"]
[WhiteElo "1696"]
[BlackElo "2072"]
[Annotator "NA"]
[PlyCount "106"]
[EventDate "2020.05.26"]
[EventType "swiss (blitz)"]

1. b3 {[%emt 0:00:02]} d5 {[%emt 0:00:01]} 2. Bb2 {[%emt 0:00:00]} e6 {[%emt 0:00:01]} 3. e3 {[%emt 0:00:03]} Nf6 {[%emt 0:00:01]} 4. f4 {[%emt 0:00:00]} Be7 {[%emt 0:00:00]} 5. Nf3 {[%emt 0:00:01]} O-O {[%emt 0:00:01]} 6. Be2 {[%emt 0:00:01]} c5 {[%emt 0:00:00]} 7. O-O {[%emt 0:00:00]} Nc6 {[%emt 0:00:01]} 8. Bb5 {[%emt 0:00:06]} Bd7 {[%emt 0:00:09]} 9. d3 {[%emt 0:00:04]} a6 {[%emt 0:00:04]} 10. Bxc6 {[%emt 0:00:01]} Bxc6 {[%emt 0:00:00]} 11. Ne5 {[%emt 0:00:01]} Nd7 {[%emt 0:00:01]} 12. Nxc6 {[%emt 0:00:02]} bxc6 {[%emt 0:00:00]} 13. Nd2 {[%emt 0:00:01]} Bf6 {[%emt 0:00:01]} 14. c3 {[%emt 0:00:01]} Rb8 {[%emt 0:00:03]} 15. e4 {[%emt 0:00:02]} e5 {[%emt 0:00:07]} 16. f5 {[%emt 0:00:01]} Nb6 {[%emt 0:00:08]} 17. Qe2 {[%emt 0:00:03]} c4 {[%emt 0:00:01]} 18. dxc4 {[%emt 0:00:03]} dxc4 {[%emt 0:00:01]} 19. Nxc4 {[%emt 0:00:02]} Nxc4 {[%emt 0:00:01]} 20. Qxc4 {[%emt 0:00:01]} Qb6+ {[%emt 0:00:01]} 21. Kh1 {[%emt 0:00:03]} Rfd8 {[%emt 0:00:02]} 22. Rad1 {[%emt 0:00:03]} h6 {[%emt 0:00:02]} 23. Qe2 {[%emt 0:00:04]} a5 {[%emt 0:00:03]} 24. g3 {[%emt 0:00:09]} a4 {[%emt 0:00:01]} 25. Rxd8+ {[%emt 0:00:06]} Bxd8 {[%emt 0:00:03]} 26. b4 {[%emt 0:00:05]} c5 {[%emt 0:00:01]} 27. a3 {[%emt 0:00:03]} Bf6 {[%emt 0:00:06]} 28. h4 {[%emt 0:00:05]} Rd8 {[%emt 0:00:05]} 29. Rd1 {[%emt 0:00:04]} Rxd1+ {[%emt 0:00:04]} 30. Qxd1 {[%emt 0:00:01]} cxb4 {[%emt 0:00:00]} 31. cxb4 {[%emt 0:00:06]} Qf2 {[%emt 0:00:01]} 32. Bc1 {[%emt 0:00:15]} Qxg3 {[%emt 0:00:04]} 33. h5 {[%emt 0:00:05]} Qh4+ {[%emt 0:00:01]} 34. Kg2 {[%emt 0:00:03]} Qxe4+ {[%emt 0:00:01]} 35. Qf3 {[%emt 0:00:03]} Qc2+ {[%emt 0:00:03]} 36. Kh3 {[%emt 0:00:06]} Qxc1 {[%emt 0:00:01]} 37. b5 {[%emt 0:00:05]} Qc5 {[%emt 0:00:15]} 38. Qa8+ {[%emt 0:00:07]} Kh7 {[%emt 0:00:03]} 39. Qe8 {[%emt 0:00:03]} Qxa3+ {[%emt 0:00:03]} 40. Kg2 {[%emt 0:00:03]} Qb3 {[%emt 0:00:02]} 41. b6 {[%emt 0:00:16]} Qxb6 {[%emt 0:00:07]} 42. Qxf7 {[%emt 0:00:01]} Qd8 {[%emt 0:00:12]} 43. Kf3 {[%emt 0:00:05]} Qa8+ {[%emt 0:00:02]} 44. Ke2 {[%emt 0:00:11]} a3 {[%emt 0:00:01]} 45. Qa2 {[%emt 0:00:04]} Qe4+ {[%emt 0:00:06]} 46. Kd1 {[%emt 0:00:05]} Qd3+ {[%emt 0:00:04]} 47. Ke1 {[%emt 0:00:07]} Qxf5 {[%emt 0:00:03]} 48. Qxa3 {[%emt 0:00:04]} Qxh5 {[%emt 0:00:01]} 49. Qd3+ {[%emt 0:00:03]} Qg6 {[%emt 0:00:01]} 50. Qd5 {[%emt 0:00:06]} e4 {[%emt 0:00:01]} 51. Ke2 {[%emt 0:00:02]} Bg5 {[%emt 0:00:01]} 52. Qd7 {[%emt 0:00:04]} e3 {[%emt 0:00:02]} 53. Qc8 {[%emt 0:00:09]} Qe4 {[%emt 0:00:09] matanant resigns (Lag: Av=0.80s, max=1.2s)} 0-1

[Event "Stay Safe Play From Home 177"]
[Site "T#646359Emanuel Laske"]
[Date "2020.05.26"]
[Round "2"]
[White "Mest"]
[Black "Feldmaus"]
[Result "0-1"]
[WhiteElo "1644"]
[BlackElo "1852"]
[Annotator "NA RC"]
[PlyCount "101"]
[EventDate "2020.05.26"]
[EventType "swiss (blitz)"]

1. e4 {[%emt 0:00:01]} e6 {[%emt 0:00:02]} 2. d4 {[%emt 0:00:02]} d5 {[%emt 0:00:01]} 3. exd5 {[%emt 0:00:02]} exd5 {[%emt 0:00:01]} 4. h3 {[%emt 0:00:01]} Bd6 {[%emt 0:00:02]} 5. Nf3 {[%emt 0:00:01]} Ne7 {[%emt 0:00:02]} 6. Bd3 {[%emt 0:00:01]} Bf5 {[%emt 0:00:03]} 7. O-O {[%emt 0:00:03]} O-O {[%emt 0:00:02]} 8. Re1 {[%emt 0:00:02]} Bxd3 {[%emt 0:00:01]} 9. Qxd3 {[%emt 0:00:02]} c6 {[%emt 0:00:05]} 10. Bg5 {[%emt 0:00:04]} f6 {[%emt 0:00:02]} 11. Bd2 {[%emt 0:00:07]} Re8 {[%emt 0:00:01]} 12. Nc3 {[%emt 0:00:03]} Qd7 {[%emt 0:00:02]} 13. Re2 {[%emt 0:00:02]} Na6 {[%emt 0:00:01]} 14. a3 {[%emt 0:00:04]} Ng6 {[%emt 0:00:01]} 15. Rae1 {[%emt 0:00:04]} Nc7 {[%emt 0:00:06]} 16. Nd1 {[%emt 0:00:06]} Rxe2 {[%emt 0:00:03]} 17. Rxe2 {[%emt 0:00:01]} Re8 {[%emt 0:00:02]} 18. c3 {[%emt 0:00:01]} Rxe2 {[%emt 0:00:03]} 19. Qxe2 {[%emt 0:00:02]} Qe6 {[%emt 0:00:01]} 20. Qd3 {[%emt 0:00:09]} Nf4 {[%emt 0:00:10]} 21. Bxf4 {[%emt 0:00:06]} Bxf4 {[%emt 0:00:01]} 22. Ne3 {[%emt 0:00:04]} g6 {[%emt 0:00:06]} 23. Ng4 {[%emt 0:00:09]} Kg7 {[%emt 0:00:09]} 24. g3 {[%emt 0:00:01]} Bd6 {[%emt 0:00:04]} 25. Kg2 {[%emt 0:00:01]} h5 {[%emt 0:00:01]} 26. Ne3 {[%emt 0:00:04]} Qe4 {[%emt 0:00:09]} 27. Qxe4 {[%emt 0:00:04]} dxe4 {[%emt 0:00:02]} 28. Nd2 {[%emt 0:00:02]} f5 {[%emt 0:00:01]} 29. Ndc4 {[%emt 0:00:05]} Be7 {[%emt 0:00:05]} 30. Na5 {[%emt 0:00:01]} Ne8 {[%emt 0:00:21]} 31. Nxb7 {[%emt 0:00:03]} Kf6 {[%emt 0:00:06]} 32. d5 {[%emt 0:00:01]} c5 {[%emt 0:00:08]} 33. b4 {[%emt 0:00:33]} cxb4 {[%emt 0:00:02]} 34. axb4 {[%emt 0:00:04]} Ke5 {[%emt 0:00:01]} 35. Nc5 {[%emt 0:00:12]} Nc7 {[%emt 0:00:14]} 36. Nc4+ {[%emt 0:00:14]} Kxd5 {[%emt 0:00:04]} 37. Ne3+ {[%emt 0:00:11]} Kc6 {[%emt 0:00:01]} 38. Nb3 {[%emt 0:00:07]} Nd5 {[%emt 0:00:02]} 39. Nxd5 {[%emt 0:00:05]} Kxd5 {[%emt 0:00:02]} 40. f3 {[%emt 0:00:01]} exf3+ {[%emt 0:00:03]} 41. Kxf3 {[%emt 0:00:01]} Bf6 {[%emt 0:00:00]} 42. g4 {[%emt 0:00:09]} fxg4+ {[%emt 0:00:12]} 43. hxg4 {[%emt 0:00:01]} Bxc3 {[%emt 0:00:01]} 44. gxh5 {[%emt 0:00:05]} gxh5 {[%emt 0:00:02]} 45. Kf4 {[%emt 0:00:04]} Be1 {[%emt 0:00:25]} 46. Nc1 {[%emt 0:00:10]} Kc4 {[%emt 0:00:03]} 47. Kg5 {[%emt 0:00:01]} h4 {[%emt 0:00:02]} 48. Kg4 {[%emt 0:00:01]} Bg3 {[%emt 0:00:11]} 49. Ne2 {[%emt 0:00:49]} Kxb4 {[%emt 0:00:02]} 50. Ng1 {[%emt 0:00:01]} a5 {[%emt 0:00:03]} 51. Kf3 {[%emt 0:00:00] Mest terk eder (Lag: Av=0.51s, max=0.8s)} 0-1

[Event "Stay Safe Play From Home 177"]
[Site "T#646359Emanuel Laske"]
[Date "2020.05.26"]
[Round "2"]
[White "Tobo Rubirosa"]
[Black "Greblah"]
[Result "1/2-1/2"]
[WhiteElo "1644"]
[BlackElo "1806"]
[Annotator "NA RC"]
[PlyCount "162"]
[EventDate "2020.05.26"]
[EventType "swiss (blitz)"]

1. Nf3 {[%emt 0:00:03]} c6 {[%emt 0:00:00]} 2. d4 {[%emt 0:00:02]} d5 {[%emt 0:00:00]} 3. c4 {[%emt 0:00:01]} Nf6 {[%emt 0:00:02]} 4. Qc2 {[%emt 0:00:01]} g6 {[%emt 0:00:03]} 5. Nc3 {[%emt 0:00:02]} Bf5 {[%emt 0:00:04]} 6. Qb3 {[%emt 0:00:01]} dxc4 {[%emt 0:00:06]} 7. Qxb7 {[%emt 0:00:06]} Nbd7 {[%emt 0:00:05]} 8. Qxc6 {[%emt 0:00:03]} Rc8 {[%emt 0:00:02]} 9. Qa4 {[%emt 0:00:02]} Bg7 {[%emt 0:00:37]} 10. Bf4 {[%emt 0:00:07]} O-O {[%emt 0:00:07]} 11. e3 {[%emt 0:00:04]} Nb6 {[%emt 0:00:07]} 12. Qd1 {[%emt 0:00:02]} Ne4 {[%emt 0:00:08]} 13. Be2 {[%emt 0:00:05]} Nd5 {[%emt 0:00:24]} 14. Nxe4 {[%emt 0:00:09]} Bxe4 {[%emt 0:00:03]} 15. O-O {[%emt 0:00:01]} Nxf4 {[%emt 0:00:06]} 16. exf4 {[%emt 0:00:02]} Bxf3 {[%emt 0:00:04]} 17. Bxf3 {[%emt 0:00:02]} Qxd4 {[%emt 0:00:01]} 18. Qxd4 {[%emt 0:00:03]} Bxd4 {[%emt 0:00:01]} 19. Rab1 {[%emt 0:00:06]} Rb8 {[%emt 0:00:07]} 20. b3 {[%emt 0:00:06]} c3 {[%emt 0:00:01]} 21. Be4 {[%emt 0:00:03]} Rfd8 {[%emt 0:00:14]} 22. Bc2 {[%emt 0:00:06]} e6 {[%emt 0:00:15]} 23. Rfd1 {[%emt 0:00:02]} Kf8 {[%emt 0:00:02]} 24. Rd3 {[%emt 0:00:02]} Ke7 {[%emt 0:00:02]} 25. Rbd1 {[%emt 0:00:03]} Bb6 {[%emt 0:00:03]} 26. Rxd8 {[%emt 0:00:03]} Bxd8 {[%emt 0:00:08]} 27. g3 {[%emt 0:00:02]} Rb6 {[%emt 0:00:12]} 28. Kf1 {[%emt 0:00:03]} Ra6 {[%emt 0:00:01]} 29. a4 {[%emt 0:00:02]} Ra5 {[%emt 0:00:04]} 30. Ke2 {[%emt 0:00:04]} h5 {[%emt 0:00:06]} 31. Kf3 {[%emt 0:00:04]} g5 {[%emt 0:00:06]} 32. fxg5 {[%emt 0:00:03]} Rxg5 {[%emt 0:00:02]} 33. Rd3 {[%emt 0:00:10]} Ba5 {[%emt 0:00:03]} 34. Ke4 {[%emt 0:00:07]} f6 {[%emt 0:00:08]} 35. f4 {[%emt 0:00:04]} Rg8 {[%emt 0:00:12]} 36. Kf3 {[%emt 0:00:03]} Rh8 {[%emt 0:00:06]} 37. h3 {[%emt 0:00:11]} Rc8 {[%emt 0:00:05]} 38. g4 {[%emt 0:00:04]} hxg4+ {[%emt 0:00:02]} 39. hxg4 {[%emt 0:00:01]} Rh8 {[%emt 0:00:01]} 40. Re3 {[%emt 0:00:03]} Rh3+ {[%emt 0:00:05]} 41. Ke2 {[%emt 0:00:03]} Rh2+ {[%emt 0:00:03]} 42. Kd1 {[%emt 0:00:07]} Rd2+ {[%emt 0:00:01]} 43. Kc1 {[%emt 0:00:01]} Rg2 {[%emt 0:00:05]} 44. g5 {[%emt 0:00:17]} fxg5 {[%emt 0:00:02]} 45. f5 {[%emt 0:00:07]} Rg1+ {[%emt 0:00:01]} 46. Bd1 {[%emt 0:00:04]} g4 {[%emt 0:00:05]} 47. Rxe6+ {[%emt 0:00:03]} Kf7 {[%emt 0:00:01]} 48. Re5 {[%emt 0:00:14]} Bb4 {[%emt 0:00:01]} 49. Rb5 {[%emt 0:00:04]} Ba3+ {[%emt 0:00:01]} 50. Kc2 {[%emt 0:00:03]} Bb2 {[%emt 0:00:01]} 51. Bxg4 {[%emt 0:00:13]} Rg2+ {[%emt 0:00:05]} 52. Kb1 {[%emt 0:00:14]} Rxg4 {[%emt 0:00:01]} 53. Rb7+ {[%emt 0:00:03]} Kf6 {[%emt 0:00:01]} 54. Rxa7 {[%emt 0:00:01]} Rg1+ {[%emt 0:00:01]} 55. Kc2 {[%emt 0:00:02]} Rc1+ {[%emt 0:00:02]} 56. Kd3 {[%emt 0:00:01]} Rd1+ {[%emt 0:00:01]} 57. Kc2 {[%emt 0:00:02]} Rd2+ {[%emt 0:00:01]} 58. Kb1 {[%emt 0:00:01]} Kxf5 {[%emt 0:00:03]} 59. Rf7+ {[%emt 0:00:04]} Ke4 {[%emt 0:00:03]} 60. Re7+ {[%emt 0:00:01]} Kf3 {[%emt 0:00:01]} 61. a5 {[%emt 0:00:05]} Rd1+ {[%emt 0:00:03]} 62. Kc2 {[%emt 0:00:02]} Rc1+ {[%emt 0:00:02]} 63. Kd3 {[%emt 0:00:01]} Ra1 {[%emt 0:00:06]} 64. Rf7+ {[%emt 0:00:06]} Kg4 {[%emt 0:00:02]} 65. b4 {[%emt 0:00:02]} Rd1+ {[%emt 0:00:02]} 66. Kc2 {[%emt 0:00:02]} Rd2+ {[%emt 0:00:01]} 67. Kb1 {[%emt 0:00:03]} Ba3 {[%emt 0:00:03]} 68. Rc7 {[%emt 0:00:15]} Bxb4 {[%emt 0:00:01]} 69. a6 {[%emt 0:00:03]} Rd1+ {[%emt 0:00:01]} 70. Kc2 {[%emt 0:00:02]} Ra1 {[%emt 0:00:02]} 71. a7 {[%emt 0:00:02]} Kf5 {[%emt 0:00:01]} 72. Kb3 {[%emt 0:00:04]} Rb1+ {[%emt 0:00:05]} 73. Kc2 {[%emt 0:00:02]} Ra1 {[%emt 0:00:01]} 74. Kb3 {[%emt 0:00:01]} c2 {[%emt 0:00:01]} 75. Kxc2 {[%emt 0:00:07]} Rxa7 {[%emt 0:00:03]} 76. Rxa7 {[%emt 0:00:02]} Bd6 {[%emt 0:00:01]} 77. Kd3 {[%emt 0:00:03]} Be5 {[%emt 0:00:00]} 78. Ra5 {[%emt 0:00:04]} Kf4 {[%emt 0:00:01] Greblah bietet Remis} 79. Ra4+ {[%emt 0:00:01]} Kf5 {[%emt 0:00:01]} 80. Ra5 {[%emt 0:00:18]} Kf6 {[%emt 0:00:02]} 81. Rxe5 {[%emt 0:00:00]} Kxe5 {[%emt 0:00:01] (Lag: Av=0.44s, max=0.9s)} 1/2-1/2

[Event "Stay Safe Play From Home 177"]
[Site "T#646359Emanuel Laske"]
[Date "2020.05.26"]
[Round "2"]
[White "Andrei_2011 Alex"]
[Black "Tvtower68"]
[Result "0-1"]
[WhiteElo "1521"]
[BlackElo "1784"]
[Annotator "NA"]
[PlyCount "86"]
[EventDate "2020.05.26"]
[EventType "swiss (blitz)"]

1. d4 {[%emt 0:00:01]} Nf6 {[%emt 0:00:03]} 2. c4 {[%emt 0:00:02]} d5 {[%emt 0:00:01]} 3. Nc3 {[%emt 0:00:03]} e6 {[%emt 0:00:04]} 4. Bg5 {[%emt 0:00:05]} Be7 {[%emt 0:00:03]} 5. Nf3 {[%emt 0:00:21]} Nc6 {[%emt 0:00:01]} 6. e3 {[%emt 0:00:02]} a6 {[%emt 0:00:01]} 7. cxd5 {[%emt 0:00:07]} Nxd5 {[%emt 0:00:02]} 8. Bxe7 {[%emt 0:00:10]} Qxe7 {[%emt 0:00:04]} 9. Nxd5 {[%emt 0:00:02]} exd5 {[%emt 0:00:01]} 10. Bd3 {[%emt 0:00:05]} Nb4 {[%emt 0:00:08]} 11. Be2 {[%emt 0:00:05]} Bf5 {[%emt 0:00:08]} 12. O-O {[%emt 0:00:30]} h6 {[%emt 0:00:02]} 13. a3 {[%emt 0:00:02]} Nc6 {[%emt 0:00:01] Andrei_2011 Alex offers a draw} 14. Rc1 {[%emt 0:00:08]} O-O {[%emt 0:00:02]} 15. Bd3 {[%emt 0:00:05]} Be4 {[%emt 0:00:02]} 16. Qc2 {[%emt 0:00:24]} Rad8 {[%emt 0:00:06]} 17. Qc5 {[%emt 0:00:11]} Qxc5 {[%emt 0:00:11]} 18. Rxc5 {[%emt 0:00:00]} Bxd3 {[%emt 0:00:02] Andrei_2011 Alex offers a draw} 19. Rd1 {[%emt 0:00:34]} Be2 {[%emt 0:00:02]} 20. Rdc1 {[%emt 0:00:08]} Bxf3 {[%emt 0:00:02]} 21. gxf3 {[%emt 0:00:09]} f5 {[%emt 0:00:03]} 22. b4 {[%emt 0:00:03]} Rf6 {[%emt 0:00:03]} 23. a4 {[%emt 0:00:02]} Rd7 {[%emt 0:00:03]} 24. b5 {[%emt 0:00:02]} axb5 {[%emt 0:00:05]} 25. axb5 {[%emt 0:00:02]} Nb4 {[%emt 0:00:01]} 26. Rxc7 {[%emt 0:00:07]} Rxc7 {[%emt 0:00:01]} 27. Rxc7 {[%emt 0:00:01]} Rb6 {[%emt 0:00:02]} 28. Rc5 {[%emt 0:00:08]} Kf7 {[%emt 0:00:03]} 29. Kf1 {[%emt 0:00:03]} Ke6 {[%emt 0:00:01]} 30. Ke2 {[%emt 0:00:04]} g5 {[%emt 0:00:03] Andrei_2011 Alex offers a draw} 31. Kd2 {[%emt 0:00:11]} Rd6 {[%emt 0:00:16]} 32. Kc3 {[%emt 0:00:01]} Na2+ {[%emt 0:00:02]} 33. Kb3 {[%emt 0:00:01]} b6 {[%emt 0:00:11]} 34. Rc6 {[%emt 0:00:02]} Rxc6 {[%emt 0:00:06]} 35. bxc6 {[%emt 0:00:00]} Nc1+ {[%emt 0:00:02]} 36. Kc2 {[%emt 0:00:01]} Ne2 {[%emt 0:00:01]} 37. Kd3 {[%emt 0:00:01]} Ng1 {[%emt 0:00:04]} 38. Kc3 {[%emt 0:00:01]} Kd6 {[%emt 0:00:01]} 39. Kb4 {[%emt 0:00:01]} Kxc6 {[%emt 0:00:01]} 40. f4 {[%emt 0:00:01]} Nf3 {[%emt 0:00:03]} 41. fxg5 {[%emt 0:00:01]} hxg5 {[%emt 0:00:01] Andrei_2011 Alex offers a draw} 42. Ka4 {[%emt 0:00:01]} Nxh2 {[%emt 0:00:02]} 43. f4 {[%emt 0:00:01]} g4 {[%emt 0:00:02] Andrei_2011 Alex resigns (Lag: Av=0.72s, max=1.9s)} 0-1

[Event "Stay Safe Play From Home 177"]
[Site "T#646359Emanuel Laske"]
[Date "2020.05.26"]
[Round "3"]
[White "Don59as"]
[Black "Kongle"]
[Result "1-0"]
[WhiteElo "2076"]
[BlackElo "1797"]
[Annotator "NA"]
[PlyCount "89"]
[EventDate "2020.05.26"]
[EventType "swiss (blitz)"]

1. c4 {[%emt 0:00:02]} e5 {[%emt 0:00:02]} 2. Nc3 {[%emt 0:00:01]} Nc6 {[%emt 0:00:01]} 3. g3 {[%emt 0:00:01]} f5 {[%emt 0:00:01]} 4. Bg2 {[%emt 0:00:01]} Nf6 {[%emt 0:00:01]} 5. e3 {[%emt 0:00:03]} Bc5 {[%emt 0:00:01]} 6. Nge2 {[%emt 0:00:01]} d6 {[%emt 0:00:01]} 7. O-O {[%emt 0:00:04]} O-O {[%emt 0:00:01]} 8. b3 {[%emt 0:00:01]} a6 {[%emt 0:00:01]} 9. Bb2 {[%emt 0:00:01]} Qe8 {[%emt 0:00:01]} 10. Nd5 {[%emt 0:00:02]} Qh5 {[%emt 0:00:06]} 11. Nxc7 {[%emt 0:00:10]} Rb8 {[%emt 0:00:10]} 12. d4 {[%emt 0:00:02]} Bb6 {[%emt 0:00:06]} 13. Nd5 {[%emt 0:00:04]} Ba7 {[%emt 0:00:07]} 14. Nxf6+ {[%emt 0:00:12]} Rxf6 {[%emt 0:00:04]} 15. dxe5 {[%emt 0:00:01]} Rh6 {[%emt 0:00:08]} 16. h3 {[%emt 0:00:07]} dxe5 {[%emt 0:00:05]} 17. Nc3 {[%emt 0:00:11]} Qg5 {[%emt 0:00:16]} 18. h4 {[%emt 0:00:10]} Qg6 {[%emt 0:00:18]} 19. Bxc6 {[%emt 0:00:31]} bxc6 {[%emt 0:00:04]} 20. Qd8+ {[%emt 0:00:01]} Kf7 {[%emt 0:00:06]} 21. Qc7+ {[%emt 0:00:01]} Kf8 {[%emt 0:00:29]} 22. Qxa7 {[%emt 0:00:05]} Rb7 {[%emt 0:00:20]} 23. Qc5+ {[%emt 0:00:03]} Kg8 {[%emt 0:00:02]} 24. Qxe5 {[%emt 0:00:03]} Rxh4 {[%emt 0:00:15]} 25. Rfd1 {[%emt 0:00:09]} Rd7 {[%emt 0:00:24]} 26. Rxd7 {[%emt 0:00:06]} Bxd7 {[%emt 0:00:02]} 27. Ne2 {[%emt 0:00:15]} Re4 {[%emt 0:00:07]} 28. Qb8+ {[%emt 0:00:07]} Re8 {[%emt 0:00:01]} 29. Qc7 {[%emt 0:00:03]} Be6 {[%emt 0:00:14]} 30. Nf4 {[%emt 0:00:06]} Qf7 {[%emt 0:00:06]} 31. Nxe6 {[%emt 0:00:07]} Rxe6 {[%emt 0:00:04]} 32. Qxf7+ {[%emt 0:00:01]} Kxf7 {[%emt 0:00:02]} 33. Rd1 {[%emt 0:00:01]} Re7 {[%emt 0:00:03]} 34. Rd6 {[%emt 0:00:02]} Rc7 {[%emt 0:00:01]} 35. c5 {[%emt 0:00:02]} a5 {[%emt 0:00:01]} 36. Bc3 {[%emt 0:00:01]} a4 {[%emt 0:00:02]} 37. b4 {[%emt 0:00:05]} g6 {[%emt 0:00:02]} 38. a3 {[%emt 0:00:02]} h5 {[%emt 0:00:05]} 39. Be5 {[%emt 0:00:03]} Re7 {[%emt 0:00:08]} 40. f4 {[%emt 0:00:06]} g5 {[%emt 0:00:04]} 41. Rxc6 {[%emt 0:00:03]} gxf4 {[%emt 0:00:02]} 42. exf4 {[%emt 0:00:02]} Rd7 {[%emt 0:00:01]} 43. Rd6 {[%emt 0:00:01]} Rc7 {[%emt 0:00:01]} 44. c6 {[%emt 0:00:01]} Rb7 {[%emt 0:00:01]} 45. cxb7 {[%emt 0:00:01] Kongle resigns (Lag: Av=0.62s, max=0.8s)} 1-0

[Event "Stay Safe Play From Home 177"]
[Site "T#646359Emanuel Laske"]
[Date "2020.05.26"]
[Round "3"]
[White "Lazieri3"]
[Black "Tunca"]
[Result "1-0"]
[WhiteElo "1983"]
[BlackElo "1826"]
[Annotator "TA"]
[PlyCount "129"]
[EventDate "2020.05.26"]
[EventType "swiss (blitz)"]

{[%evp 9,129,-18,-15,-41,-36,-44,-28,-30,-12,-40,-41,-69,-71,-90,-65,-83,-52,-55,-67,-130,-124,-302,-27,-31,-26,-39,-29,-38,0,-8,0,0,0,0,0,0,0,0,0,0,2,3,19,19,27,27,29,0,17,0,0,0,13,0,20,5,23,11,13,7,92,0,8,0,0,0,15,-6,-6,-68,-10,-19,0,-6,-6,-18,-18,-231,-231,-210,0,0,0,0,8,0,29968,29968,29971,29970,29972,29972,29976,29977,29977,29977,29977,29978,29979,29979,29980,29981,29981,29982,29985,29986,29986,29987,29987,29986,29986,29987,29987,29988,29988,29989,29989,29990,29990,29991,29992,29993]} 1. e4 Nf6 2. Nc3 e6 3. Nf3 Bb4 4. d3 d5 5. exd5 exd5 6. Bd2 {B02: Alekhine's Defence: Chase Variation and lines with early Nc3.} O-O 7. Be2 Re8 8. O-O {[#] Black has an edge.} Bf5 $146 ({Predecessor:} 8... c5 9. h3 Nc6 10. a3 Ba5 11. Na4 Bc7 12. Bg5 Qd6 13. g3 Nh5 14. Kg2 Nxg3 15. fxg3 Qxg3+ 16. Kh1 Nd4 {0-1 (16) Taipov,I (1673)-Novikov,R (1981) Kazan 2016}) 9. h3 c6 10. Nh2 Bd6 11. Bg4 Nxg4 12. Nxg4 Qc7 13. Qf3 Bg6 {And now ...h5 would win.} 14. Rfe1 (14. Ne2 $15) 14... Nd7 $17 {aiming for ...h5.} 15. Ne2 $2 (15. g3 $17 {keeps fighting.}) 15... Ne5 $2 (15... f5 $19 16. Nd4 fxg4 17. Qxg4 Ne5) 16. Nxe5 $11 Bxe5 17. Bc3 Bd6 18. Bd2 Re7 19. Nf4 Rae8 {...Rxe1+ is the strong threat.} 20. Rxe7 Rxe7 21. Nxg6 hxg6 22. Re1 Rxe1+ 23. Bxe1 Qe7 {[%cal Re7e1]} 24. Bc3 Qe6 {Threatens to win with ...d4!} (24... d4 {looks sharper.} 25. Bd2 Qe6 26. Bf4 f6 27. Bxd6 Qxd6 28. Qg4 f5) 25. Qe3 Qxe3 26. fxe3 {[%mdl 4096] Endgame KB-KB} Bg3 27. Kf1 f6 28. Be1 Be5 29. c3 Kf7 30. Ke2 Ke6 31. Kf3 f5 32. Bh4 a6 33. Bd8 b5 34. Bb6 Kd6 {[#]} (34... Bf6 $11 {remains equal.}) 35. Ba7 (35. Bd4 $1 $16) 35... Ke6 36. e4 dxe4+ 37. dxe4 Bf6 38. exf5+ gxf5 39. Bb8 (39. Kf4 $11) 39... g6 (39... a5 $15) 40. Kf4 g5+ 41. Ke3 Kd5 42. Kd3 c5 43. g3 $2 (43. Bc7 $11 {and White is okay.}) 43... c4+ $19 44. Ke3 {[#]} Be5 $2 ({Black should try} 44... b4 $1 $19 {[%mdl 512]} 45. Kd2 (45. cxb4 Bxb2) 45... bxc3+ 46. bxc3 Ke4) 45. Bxe5 $11 Kxe5 {KP-KP} 46. Kf3 a5 47. h4 gxh4 $2 {[%mdl 8192] White stays focused until the end.} (47... Kf6 $11) 48. gxh4 {White mates.} Kf6 49. Kf4 Kg6 {[#]} 50. h5+ $1 {[%mdl 512]} Kxh5 51. Kxf5 {K3P-K3P} Kh4 52. Kf4 Kh3 53. Ke5 Kg3 54. Kd5 Kf3 55. Kc5 Ke3 56. Kxb5 Kd3 57. Kxa5 {KP-KP} Kc2 58. Kb4 Kxb2 59. Kxc4 Kxa2 {KP-K} 60. Kb5 Kb3 61. c4 Kc3 62. c5 Kd4 63. c6 Kd5 64. c7 Kd6 65. c8=Q {Accuracy: White = 73%, Black = 77%.} 1-0

[Event "Stay Safe Play From Home 177"]
[Site "T#646359Emanuel Laske"]
[Date "2020.05.26"]
[Round "3"]
[White "Feldmaus"]
[Black "Opalus"]
[Result "0-1"]
[WhiteElo "1860"]
[BlackElo "1900"]
[Annotator "TA"]
[PlyCount "44"]
[EventDate "2020.05.26"]
[EventType "swiss (blitz)"]

{[%evp 9,44,-9,-16,-7,0,-95,-94,-113,-131,-191,-188,-208,-212,-213,-210,-213,-206,-353,-365,-370,-345,-334,-312,-728,-743,-1034,-1034,-1032,-1030,-1020,-1016,-1229,-1205,-2518,-2491,-29993,-29994]} 1. d4 d5 2. Nf3 Nf6 3. c3 c5 4. Bg5 Ne4 5. Bf4 cxd4 6. cxd4 {D03: 1 d4 d5 2 Nf3 Nf6 3 Bg5, including Torre Attack with early ...d5.} Qb6 7. Qc2 (7. Nc3 $11) 7... Nc6 $17 {[%cal Bb8c6,Bc6b4,Bb4c2][%mdl 32]} 8. e3 {Black is better.} Bf5 $1 9. Qc1 (9. Qb3 $17) 9... Nb4 $19 {[#]} 10. Nc3 $146 ({Predecessor:} 10. Na3 Rc8 11. Qd1 e5 12. Bb5+ Nc6 13. Bxe5 Bb4+ 14. Kf1 O-O 15. Bxc6 Rxc6 16. h3 Bxa3 17. bxa3 Qb2 18. Bg3 Rc2 19. Ne1 Rxf2+ 20. Kg1 Nxg3 {0-1 (20) Rachvak,D-Sirotina,L Kharkov 2008}) 10... Nxc3 11. bxc3 {[#]} e5 $1 {[%mdl 512]} 12. Nxe5 {[#]} (12. dxe5 Nc2+) 12... f6 $1 {[%cal Rf6e5]} (12... Nc2+ 13. Kd2 $17) 13. Nf3 (13. e4 $142 Bxe4 14. cxb4 fxe5 15. Bd2) 13... Nc2+ {[%mdl 64] Double Attack} 14. Kd2 {Rb1 is the strong threat.} Ba3 ({Don't do} 14... Nxa1 15. Qxa1 Ba3 16. Bd3 $19) 15. Qb1 Bb2 {Strongly threatening ...Rc8.} ({Less strong is} 15... Nxa1 16. Qxf5 Rd8 17. Kd1 $17) 16. g4 $2 (16. a4 Qb3 17. Bb5+ Kf7 18. Ra2 Bxc3+ 19. Ke2 Nxd4+ 20. Nxd4 Qxb1 21. Rxb1 Bxb1 22. Ra3 Bxd4 23. exd4) 16... Be4 (16... Nxa1 17. Qxf5 Rd8 18. Bb5+ Qxb5 19. Qe6+ Kf8 20. Bd6+ Rxd6 21. Qxd6+ Kf7 {[#]} 22. Ne5+ $1 {[%mdl 512]} fxe5 23. Qc7+ Ke6 24. Qxe5+ Kf7 25. Qf5+ Kg8 26. Qc8+ Kf7 27. Qf5+ Kg8 28. Qc8+ Kf7 29. Qf5+ $11) 17. Bc7 {[#]} Bxc3+ $1 {[%mdl 512]} 18. Kxc3 Qxc7+ 19. Kd2 Qa5+ 20. Ke2 Rc8 21. g5 Nxa1 22. Bh3 Qa6+ {White got outplayed after the opening. Accuracy: White = 34%, Black = 100%.} 0-1